The parables of our Saviour. (Record no. 7385)

000 -LEADER
fixed length control field 00664nam a2200193 a 4500
001 - CONTROL NUMBER
control field :::00005146$&:&@@
003 - CONTROL NUMBER IDENTIFIER
control field OkBaRHE
005 - DATE AND TIME OF LATEST TRANSACTION
control field 20000607103323.0
008 - FIXED-LENGTH DATA ELEMENTS--GENERAL INFORMATION
fixed length control field s1981 j 000 0 eng u
040 ## - CATALOGING SOURCE
Transcribing agency
100 1# - MAIN ENTRY--PERSONAL NAME
Personal name Taylor, William Mackergo, 1829-1895.
245 14 - TITLE STATEMENT
Title The parables of our Saviour.
260 ## - PUBLICATION, DISTRIBUTION, ETC. (IMPRINT)
Place of publication, distribution, etc Grand Rapids, MI., :
Name of publisher, distributor, etc Kregel Publications
Date of publication, distribution, etc 1981
300 ## - PHYSICAL DESCRIPTION
Extent vi, 445 p. ;
Dimensions 22 cm.
650 ## - SUBJECT ADDED ENTRY--TOPICAL TERM
Topical term or geographic name as entry element Jesus Christ
General subdivision Parables
942 ## - ADDED ENTRY ELEMENTS (KOHA)
Source of classification or shelving scheme
Koha item type Books
Copies
Koha item type Not for loan Permanent Location Price effective from Barcode Full call number Total Checkouts Shelving location Date last seen Damaged status Current Location Source of classification or shelving scheme Withdrawn status Copy number Date checked out Date acquired Lost status
Books RHEMA Bible Training College2010-04-145146BT 375 .T3 General Stacks2010-04-14 RHEMA Bible Training College  1 2010-04-14 
Books RHEMA Bible Training College2010-04-1416013BT 375 .T31General Stacks2018-01-30 RHEMA Bible Training College  22018-01-172010-04-14